Zostatková cena v daňových výdavkoch

Zostatková cena sa viaže k hmotnému a nehmotnému majetku a pri jeho vyradení z používania ovplyvňuje daňové výdavky podnikateľa. V akej výške a za akých podmienok je zostatková cena hmotného majetku a nehmotného majetku uznaným daňovým výdavkom, závisí od dôvodu jeho vyradenia.

Uložené v:
Podrobná bibliografia
Hlavný autor: Petrovická, Iveta
Médium: Kapitola
Jazyk:Slovak
Predmet:
Tagy: Pridať tag
Žiadne tagy, Buďte prvý, kto otaguje tento záznam!

MARC

LEADER 00000naa a2200000 4500
001 0296243
005 20240417075247.8
041 0 |a slo 
044 |a SK 
245 1 0 |a Zostatková cena v daňových výdavkoch  |c Iveta Petrovická 
520 |a Zostatková cena sa viaže k hmotnému a nehmotnému majetku a pri jeho vyradení z používania ovplyvňuje daňové výdavky podnikateľa. V akej výške a za akých podmienok je zostatková cena hmotného majetku a nehmotného majetku uznaným daňovým výdavkom, závisí od dôvodu jeho vyradenia. 
610 2 0 |a ceny 
610 2 0 |a výdavky 
610 2 0 |a výdavky daňové 
610 2 0 |a odpisy 
610 2 0 |a odpisy daňové 
610 2 0 |a odpisy účtovné 
610 2 0 |a právo 
610 2 0 |a legislatíva 
610 2 0 |a zákony 
100 1 |a Petrovická, Iveta